| 000 | 00000nam##2200000za#4500 |
| 001 | 9.615870 |
| 003 | CaOODSP |
| 005 | 20210615101322 |
| 007 | ta |
| 008 | 150406|2002||||xxc||||| f|0| 0 eng|d |
| 020 | |a0-662-31499-9 |
| 040 | |aCaOODSP|beng |
| 043 | |an-cn--- |
| 086 | 1 |aH113-9/2001-7E |
| 110 | 1 |aCanada. |bPest Management Regulatory Agency. |
| 245 | 10|aChondrostereum purpureum (HQ1) |
| 260 | |aOttawa - Ontario : |bHealth Canada. |c2002. |
| 300 | |a31p. : |breferences, tables ; |c28 cm. |
| 490 | 1 |aProposed registration decision |vPRDD 2002-01 |
| 520 | 3 |aThis Proposed Regulatory Decision Document provides a summary of data reviewed and the rationale for the proposed full registration of these products. |
| 563 | |aSoftcover |
| 590 | |a02-05|b2002-02-01 |
| 690 | 07|aFederal institutions|2gcpds |
| 690 | 07|aPesticides|2gcpds |
| 690 | 07|aRegulations|2gcpds |
| 775 | 08|tChondrostereum purpureum (HQ1) |w(CaOODSP)9.625872 |
| 776 | 0#|tChondrostereum purpureum (HQ1) |w(CaOODSP)9.558034 |
| 830 | #0|aProposed registration decision ;|vPRDD 2002-01|w(CaOODSP)9.514704 |